Central Library OPAC University of Rajshahi
Normal view MARC view

Entry Topical Term

Number of records used in: 1

001 - CONTROL NUMBER

  • control field: 4909

003 - CONTROL NUMBER IDENTIFIER

  • control field: BD-RjUL

005 - DATE AND TIME OF LATEST TRANSACTION

  • control field: 20220920102314.0

008 - FIXED-LENGTH DATA ELEMENTS

  • fixed length control field: 220920|| aca||aabn | a|a d

040 ## - CATALOGING SOURCE

  • Original cataloging agency: BD-RjUL
  • Transcribing agency: BD-RjUL

150 ## - HEADING--TOPICAL TERM

  • Topical term or geographic name entry element: Hadith [Bukhary, Muslim, Abu Daud , Tirmiji, nasa e , ibn maja]

670 ## - SOURCE DATA FOUND

  • Source citation: Work cat.: (BD-RjUL)80399: علي, امجد ### Ali Amjad 4908, انتخاب صحاح ستة # # Intikhab sihah sita /, 195?